اردو میں اصول تحقیق (Record no. 170637)

MARC details
000 -LEADER
fixed length control field 00420nam a22001697a 4500
005 - DATE AND TIME OF LATEST TRANSACTION
control field 20191218161542.0
010 ## - LCCN (DPL NO)
LC control number A-518618
020 ## - INTERNATIONAL STANDARD BOOK NUMBER
Terms of availability 60.00
035 ## - SYSTEM CONTROL NUMBER
System control number A-518618
037 ## - SOURCE OF ACQUISITION
Source of stock number/acquisition BPPD/Pub.
082 ## - DEWEY DECIMAL CLASSIFICATION NUMBER
Classification number 840.8
245 ## - TITLE STATEMENT
Title اردو میں اصول تحقیق
246 ## - VARYING FORM OF TITLE
Title proper/short title Urdu mein asool-e-Tehqeeq
260 ## - PUBLICATION, DISTRIBUTION, ETC. (IMPRINT)
Date of publication, distribution, etc 1989 ء
300 ## - PHYSICAL DESCRIPTION
Extent 402p.
Dimensions 21cm(Hb)
942 ## - ADDED ENTRY ELEMENTS (KOHA)
Source of classification or shelving scheme Dewey Decimal Classification
Item type Urdu Bks
Classification part 840.8
Call number suffix ا ے م
Holdings
Withdrawn status Lost status Not for loan Collection code Home library Current library Date acquired Source of acquisition Cost, normal purchase price Full call number Barcode Copy number Cost, replacement price Koha item type
      Non-fiction Central Library Central Library 18/12/2019 BPPD/Ven. 60.00 840.8 ا ے م A-518618 1 60.00 Urdu Bks

© Delhi Public Library
Hit Counter
free hit counter